|
|
|
|
| LEADER |
01173nam a2200241 a 4500 |
| 001 |
00024483 |
| 008 |
120216s2010 ii a 00 0 eng |
| 010 |
|
|
|a 2008040965
|
| 020 |
|
|
|a 9788131734032
|
| 040 |
|
|
|a BD-DhAAL
|c BD-DhAAL
|
| 082 |
0 |
0 |
|a 519.5
|2 22
|
| 100 |
1 |
|
|a Sharma,J.K.
|
| 245 |
1 |
0 |
|a Business Statistics :
|b problems and solution /
|c J.K.Sharma
|
| 260 |
|
|
|a Delhi :
|b Pearson,
|c 2010.
|
| 300 |
|
|
|a ix, 685 p. :
|b ill ;
|c 24 cm.
|
| 541 |
1 |
|
|e 00024483
|
| 650 |
|
0 |
|a Business statistics
|
| 852 |
1 |
|
|a Ayesha Abed Library
|j General shelf
|
| 942 |
0 |
0 |
|0 4
|
| 999 |
|
|
|c 11900
|d 11900
|
| 952 |
|
|
|0 0
|1 3
|2 ddc
|4 0
|6 519_500000000000000_SHA
|7 0
|9 19454
|a BRACUL
|b BRACUL
|c GEN
|d 2012-02-16
|e Development Book Agency
|g 540.00
|l 27
|m 125
|o 519.5 SHA
|p 3010024483
|r 2022-06-15
|s 2020-02-10
|t 1
|w 2012-02-20
|y BK
|
| 952 |
|
|
|0 0
|1 0
|4 0
|6 519_500000000000000_SHA
|7 0
|9 19455
|a BRACUL
|b BRACUL
|c GEN
|d 2012-02-16
|e Development Book Agency
|g 540.00
|l 33
|m 130
|o 519.5 SHA
|p 3010024484
|r 2025-11-19
|s 2025-11-16
|t 2
|w 2012-02-20
|y BK
|
| 952 |
|
|
|0 0
|1 0
|4 0
|6 519_500000000000000_SHA
|7 0
|9 19456
|a BRACUL
|b BRACUL
|c GEN
|d 2012-02-16
|e Development Book Agency
|g 540.00
|l 20
|m 126
|o 519.5 SHA
|p 3010024485
|r 2022-12-08
|s 2022-12-03
|t 3
|w 2012-02-20
|y BK
|